00424nam a2200145 i 4500001000300000245002600003260002100029040000800050041000800058942000700066008004100073999001700114856009800131952004900229bg 0aPolska XXX-lecie PRL. aWarszawa,c1975. cBPK apol cKS s pl f |000 0 pol  c18156d18156 uhttp://koha.tu.koszalin.pl/cgi-bin/koha/opac-detail.pl?biblionumber=18156yKatalog online BPK 00104070aBPKbBPKcwo24009p01689990yKS